Uber in Central and South America - Statistics

General Stats
  • This quiz has been taken 13 times
  • The average score is 14 of 15
Answer Stats
Answer % Correct
ARGENTINA
100%
BRAZIL
100%
COSTA RICA
100%
PANAMA
100%
PARAGUAY
100%
URUGUAY
100%
CHILE
92%
COLOMBIA
92%
ECUADOR
92%
EL SALVADOR
92%
HONDURAS
92%
MEXICO
92%
PERU
92%
BOLIVIA
85%
GUATEMALA
46%
No matching quizzes found
Score Distribution
Percent of People with Each Score
Percentile by Number Answered
Your Score History
You have not taken this quiz